1332 1011 1469 1659 1354 1838 1401 1154 1467 1299 1905 1011 1487 1708 1758 1685 1413 1595 1075 1977 1707 1190 1336 1406 1325 1664 1584 1381 1220 1201 1856 1068 1584 1150 1919 1089 1942 1733 1625 1080 1844 1180 1419 1499 1651 1618 1587 1776 1349 1830 1053 1893 1198 1272 1763 1773 1097 1034 1515 1156 1233 1673 1460 1992 1374 1076 1741 1422 1593 1762 1047 1964 1488 1662 1531 1168 1593 1585 1289 1862 1398 1090 1907 1077 1208 1856 1374 1401 1818 1864 1882 1112 1874 1527 1273 1826 1326 1810 1430 BCNSPRNW ULIB Ver.6.0+V

เปลี่ยนเป็นภาษาไทย

Change to English
 แสดงรายละเอียดบรรณานุกรม
  กลับหน้าหลัก

Brief Record : Get Marc (ISO 2709) : E-mail record : QR code < ปิดหน้าต่าง
LEADER : 00000nam 2200000uu 4500
001    13399111861
003     ULIB
008    110627s2551||||th 000 0 tha d
020    9789740485797
090    นว.^bอ543S 2551
100 0  อันโตนิโอ
245 00 Serenade...2/^cอันโตนิโอ
250    พิมพ์ครั้งที่ 1
260    กรุงเทพฯ :^bศรีสยามการพิมพ์,^c2551
300    366 หน้า
945    ^p220^l0^i023609
995    ทศพร
999 ^a ใช้งานได้ทุกระบบ
รายการนี้ยังไม่มีแท็ก
คุณยังไม่ได้ล็อกอิน คุณสามารถมีกิจกรรมร่วมกับเว็บไซต์ได้ แต่ต้องล็อกอินก่อน ::
  ล็อกอิน

รายการสื่อสารสนเทศ

ลำดับที่ ประเภท เลขเรียก/บาร์โค้ด สถานที่ สถานะ
- ไม่พบข้อมูล -

BibComment


ยังไม่เคยถูกคอมเมนท์

คอมเมนท์ทรัพยากรรายการนี้
  คอมเมนท์: Serenade2 อันโตนิโอ


 Copyright 2026. Bcnsprnw @Library